| 000 | 01144nam a2200241 a 4500 | ||
|---|---|---|---|
| 001 | 000288998 | ||
| 003 | AM-YeHGA | ||
| 005 | 20250618071902.0 | ||
| 008 | 031201s1909 tu |||||||||||||||1|arm|d | ||
| 040 | _aAM-YeHGA | ||
| 041 | 0 | _aarm | |
| 100 | 1 |
_aՇահնազարյան, Օշին, _d1875-1915 _9766 |
|
| 245 | 1 | 0 |
_aՀայ հերոսի արշաւանքը : _bՀայ յեղափոխական կեանքից / _cԱշուղ Շահնազար ; Առաջաբ.՝ Լ. Տօլստոյ. |
| 260 |
_aԿ. Պոլիս : _bտպ. Ռ. Սագաեան, _bՎ. եւ Պ. Զարդարեան եղբայրներու հրատ., _c1909. |
||
| 300 |
_a77 էջ ; _c20 սմ. |
||
| 440 | 0 |
_aԱզատ մատենաշար _vթիւ 17 |
|
| 500 | _aՁօն ազնուաշուք պ․ Աղեքսանդր Մանդաշեանի ազգային մեծ բարերարին։ | ||
| 650 | 1 | 4 |
_aՀայ գրականություն _xՊատմվածք |
| 700 | 1 |
_aՏոլստոյ, Լև Նիկոլաևիչ, _d1828-1910 _eառաջաբ. _4aui _96686 |
|
| 856 | 4 | 1 |
_uhttps://arar.sci.am/dlibra/publication/400691/edition/370814/content _yԿարդալ առցանց |
| 942 |
_2udc _cBK |
||
| 090 | _c107054 | ||
| 999 |
_c105730 _d105730 |
||